Riconosci lo Stato - Quiz n°18 - Statistics

Statistiche generali
  • Questo quiz è stato fatto 70 volte
  • Il punteggio medio è 12 su 13
Statistiche sulle risposte
Indizio Risposta % Corretto
Valuta Grivnia
97%
Iniziale della Capitale K
94%
Indipendenza Originale: Dall'Impero russo, 9 gennaio 1918 Restaurata: Dall'URSS, 24 agosto 1991 (dichiarata) 1º dicembre 1991 (referendum) 25 dicembre 1991 (riconosciuta)
92%
Fuso Orario UTC+2
92%
Popolazione 43 531 422 ab.
91%
Superficie 603 628 km²
91%
ISU 0,773
89%
Primo ministro Denys Šmyhal'
89%
Presidente della Repubblica Volodymyr Zelens'kyj
88%
Tasso di crescita −0,625%
86%
PIL (nominale) 198 316 milioni di $ (2021)
86%
Forma di Governo Repubblica semipresidenziale
86%
Risposta Ucraina
86%
Nessun quiz corrispondente trovato
Distribuzione punteggi
Percentuale di utenti per punteggio
Percentile per numero di risposta
I tuoi punteggi nel tempo
Non hai fatto questo quiz